<?xml version="1.0" encoding="UTF-8"?>
<marc:record xmlns:marc="http://www.loc.gov/MARC21/slim">
   <marc:leader>00000nam a2200000 a 4500</marc:leader>
   <marc:datafield ind1="1" ind2=" " tag="100">
      <marc:subfield code="a">Cowell, Cressida</marc:subfield>
      <marc:subfield code="4">aut</marc:subfield>
      <marc:subfield code="e">Verfasser/-in</marc:subfield>
   </marc:datafield>
   <marc:datafield ind1=" " ind2=" " tag="653">
      <marc:subfield code="a">männliche Jugend</marc:subfield>
   </marc:datafield>
   <marc:datafield ind1=" " ind2=" " tag="653">
      <marc:subfield code="a">Humor</marc:subfield>
   </marc:datafield>
   <marc:datafield ind1=" " ind2=" " tag="653">
      <marc:subfield code="a">Freunde Feinde</marc:subfield>
   </marc:datafield>
   <marc:datafield ind1=" " ind2=" " tag="653">
      <marc:subfield code="a">Wikinger</marc:subfield>
   </marc:datafield>
   <marc:datafield ind1=" " ind2=" " tag="653">
      <marc:subfield code="a">Drachen</marc:subfield>
   </marc:datafield>
   <marc:datafield ind1="0" ind2="0" tag="245">
      <marc:subfield code="a">Mörderische Drachenflüche</marc:subfield>
   </marc:datafield>
   <marc:datafield ind1="0" ind2="0" tag="245">
      <marc:subfield code="b">ab 10 Jahren; Bd. 4</marc:subfield>
   </marc:datafield>
   <marc:datafield ind1=" " ind2="1" tag="264">
      <marc:subfield code="b">Arena Verl.</marc:subfield>
      <marc:subfield code="c">2014</marc:subfield>
   </marc:datafield>
   <marc:datafield ind1="1" ind2=" " tag="490">
      <marc:subfield code="a">Drachenzähmen leicht gemacht</marc:subfield>
   </marc:datafield>
   <marc:datafield ind1="1" ind2=" " tag="520">
      <marc:subfield code="a">Klappentext: Hicks ist verzweifelt! Sein bester Freund Fischbein schwebt in Lebensgefahr, denn er wurde vergiftet vom Stich des Stacheldrachen. Hicks und seine unerschrockene Freundin Kamikazzi haben nur wenige Stunden, um das Gegengift zu beschaffen. Doch dieses befindet sich ausgerechnet in der Hand der Tobsüchtigen, einem feindlichen Wikingerstamm. Wird Hicks der Hartnäckige auch diesmal als siegreicher Held heimkehren?  Über den Autor und weitere Mitwirkende Cressida Cowell lebt mit ihrem Mann Simon, den Töchtern Maisie und Clementine sowie zwei Katzen namens Lily und Baloo in London. Neben der Aufzeichnung von HicksÆ Memoiren hat sie auch verschiedene Bilderbücher geschrieben und illustriert, z. B. äWas ist los mit dem Buh-Huu-Baby?ô</marc:subfield>
   </marc:datafield>
   <marc:datafield ind1=" " ind2=" " tag="020">
      <marc:subfield code="a">9783401600543</marc:subfield>
      <marc:subfield code="9">9783401600543</marc:subfield>
   </marc:datafield>
</marc:record>
